| 000 | 00766nam a2200241 a 4500 | ||
|---|---|---|---|
| 001 | 54927 | ||
| 003 | BD-RJUL | ||
| 005 | 20211209080205.0 | ||
| 008 | 161112s19561957enk b 001 0deng d | ||
| 035 | _aBD-RJUL 55049 | ||
| 040 |
_aWSU _cWSU _dm.c _dOCL _beng |
||
| 041 | _aeng | ||
| 082 |
_223 _a841.09 _bBRI 1957 |
||
| 099 | _a*ML F - 7P - F6 | ||
| 100 | 1 |
_aBrereton, Geoffrey. _9163741 |
|
| 245 | 1 | 3 |
_aAn introduction to the French poets : _bVillon to the present day / _cGeoffrey Brereton |
| 260 |
_aLondon : _bMethuen, _c1956 [reprint 1957] |
||
| 300 |
_axv, 302 p. ; _c22 cm. |
||
| 504 | _aIncludes bibliographical references and index. | ||
| 650 | 0 |
_aPoets, French _9163742 |
|
| 650 | 0 |
_aFrench poetry _xHistory and criticism _9147603 |
|
| 942 |
_2ddc _cBK |
||
| 999 |
_c54927 _d54927 |
||